00374nam a2200157Ia 45000010006000000050017000060080041000230410008000640820016000721000031000882450050001192600009001693000022001786500008002006540008002081735020260306171511.0260306s9999||||xx |||||||||||||| ||und|| aESP a657.73bA93 aAyala Zavala, PascualeAUT 0aManual de prácticas de contabilidad general c2006 a431 páginas :c aGEN aCCO